General Knowledge - Europe - Statistics

General Stats
  • This quiz has been taken 108 times
  • The average score is 5 of 6
Answer Stats
Question Answer % Correct
Where is Copenhagen? Denmark
100%
Where is Sicily? Italy
100%
Is Netherlands landlocked? No
100%
Is Iceland part of NATO? Yes
100%
What is the biggest island in Europe? United Kingdom
67%
How many countries are in Europe? 44
33%
No matching quizzes found
Score Distribution
Percent of People with Each Score
Percentile by Number Answered
Your Score History
You have not taken this quiz